000 00548nam a2200205Ia 4500
003 OSt
005 20251023144435.0
008 220917b |||||||| |||| 00| 0 eng d
037 _cTB
040 _aARTS
_cARTS
_beng
041 _2eng
_aeng
084 _aU.73.N7 L4
_qAL
100 _aBlume Helmut
_9144195
245 0 _aCaribbean Island
260 _aLondon:
_bLongman Group Ltd,
_c1974.
300 _a464p.
_ccm.
650 _aGEOGRAPHY
_9849334
942 _hU.73.N7 L4
_cTB
_2CC
_n0
999 _c276615
_d276615